000 00598nam a2200169 a 4500
008 120227s2008 ||||||||||||||||| || u
050 _aBOZ(05)
110 _aBank of Zambia
245 1 4 _aThe BOZ Reader: Issues on the Zambian Economy
260 _aLusaka
_bThe Bank of Zambia (BOZ)
_c2008
300 _aii, 102p. ;ill.
350 _a0.00
650 0 _aECONOMICS
650 _aMARKET ECONOMY IN ZAMBIA
650 _aECONOMY
995 _D0.00
_FCBU-MAIN LIBRARY (Kitwe)
_H1
_I0.00
_M1
_UAVAILABLE
_WFeb 27, 2012
_ZZambiana Collection
999 _c36078
_d36078